أساليب التنشئة الاجتماعية في الأسرة النووية والأسرة الممتدة وعلاقتها بالذكاء الوجداني لدي المراهقين / (رقم التسجيلة. 179698)
[ عرض عادي ]
| 000 -LEADER | |
|---|---|
| fixed length control field | 03939namaa22004211i 4500 |
| 003 - CONTROL NUMBER IDENTIFIER | |
| control field | OSt |
| 005 - أخر تعامل مع التسجيلة | |
| control field | 20260423115234.0 |
| 008 - FIXED-LENGTH DATA ELEMENTS--GENERAL INFORMATION | |
| fixed length control field | 250827s2024 ua a|||frm||| 000 0 eng d |
| 040 ## - CATALOGING SOURCE | |
| Original cataloguing agency | EG-GICUC |
| Language of cataloging | ara |
| Transcribing agency | EG-GICUC |
| Modifying agency | EG-GICUC |
| Description conventions | rda |
| 041 0# - LANGUAGE CODE | |
| Language code of text/sound track or separate title | ara |
| Language code of summary or abstract | ara |
| -- | eng |
| 049 ## - Acquisition Source | |
| Acquisition Source | إيداع |
| 082 04 - DEWEY DECIMAL CLASSIFICATION NUMBER | |
| Classification number | 155.5 |
| 092 ## - LOCALLY ASSIGNED DEWEY CALL NUMBER (OCLC) | |
| Classification number | 155.5 |
| Edition number | 21 |
| 097 ## - Degree | |
| Degree | مــــاجستير |
| 099 ## - LOCAL FREE-TEXT CALL NUMBER (OCLC) | |
| Local Call Number | Cai01.23.04.M.Sc.2024.شي.أ |
| 100 0# - MAIN ENTRY--PERSONAL NAME | |
| Authority record control number or standard number | ،شيماء مجدي عبداللطيف محمود شومان |
| Preparation | إعداد. |
| 245 10 - TITLE STATEMENT | |
| Title | أساليب التنشئة الاجتماعية في الأسرة النووية والأسرة الممتدة وعلاقتها بالذكاء الوجداني لدي المراهقين / |
| Remainder of title | |
| Statement of responsibility, etc. | إعداد شيماء مجدي عبداللطيف محمود شومان؛ إشراف أ.د/ سميرة علي جعفر أبو غزالة، أ.م.د/ ابراهيم محمد سعد. |
| 246 15 - VARYING FORM OF TITLE | |
| Title proper/short title | Socialization style in nuclear and extended family and relationship emotional intelligence of adolescents / |
| 264 #0 - PRODUCTION, PUBLICATION, DISTRIBUTION, MANUFACTURE, AND COPYRIGHT NOTICE | |
| Date of production, publication, distribution, manufacture, or copyright notice | 2024. |
| 300 ## - PHYSICAL DESCRIPTION | |
| Extent | 137 صفحة : |
| Other physical details | إيضاحيات ؛ |
| Dimensions | 25 سم. + |
| Accompanying material | CD. |
| 336 ## - CONTENT TYPE | |
| Content type term | text |
| Source | rda content |
| 337 ## - MEDIA TYPE | |
| Media type term | Unmediated |
| Source | rdamedia |
| 338 ## - CARRIER TYPE | |
| Carrier type term | volume |
| Source | rdacarrier |
| 502 ## - DISSERTATION NOTE | |
| Dissertation note | أطروحة (ماجستير)-جامعة القاهرة، 2024. |
| 504 ## - BIBLIOGRAPHY, ETC. NOTE | |
| Bibliography, etc. note | ببليوجرافيا: صفحات 109-117. |
| 520 ## - SUMMARY, ETC. | |
| Summary, etc. | يهدف البحث الحالي إلى الكشف عن أساليب التنشئة الاجتماعية في الأسرة النووية والأسرة الممتدة وعلاقتها بالذكاء الوجداني لدى المراهقين.أدوات البحث:-1 مقياس العلاقة بين الوالدين والمراهق إعداد )أن- رو وسيجلمان، (1929، ترجمة الباحثة. -2 مقياس الذكاء الوجداني للمراهقين إعداد الباحثة.عينة البحث:شملت عينة الدراسة (512) طالب وطالبة 255) من الذكور – 255 من الإناث( من المراهقين بالمرحلة الثانوية بمحافظة الدقهلية. |
| 520 ## - SUMMARY, ETC. | |
| Summary, etc. | The present study aims to reveal the methods of socialization in the nuclear family and the extended family and their relationship to adolescent emotional intelligence. The study sample consisted of 510 students (255 males - 255 females) in the secondary level of the Dakahlia governorate aged 16 - 19 on average (16.7) and standard deviation (1.95).The researcher used a measure of socialization methods (Roe & Sigelman, 1979) to translate the researcher, and a measure of adolescent emotional intelligence (researcher's preparation).The results of the study found: a lack of a statistical function between socialization methods in the extended family and emotional intelligence, a statistical function between socialization methods in the nuclear family and conscientious intelligence, and statistical differences in adolescents' emotional intelligence in the nuclear family and extended family for adolescents living in the extended family. |
| 530 ## - ADDITIONAL PHYSICAL FORM AVAILABLE NOTE | |
| Issues CD | صدر أيضًا كقرص مدمج. |
| 546 ## - LANGUAGE NOTE | |
| Text Language | النص بالعربية والملخص باللغة الإنجليزية والعربية. |
| 650 #7 - SUBJECT ADDED ENTRY--TOPICAL TERM | |
| Topical term or geographic name entry element | علم نفس المراهقين |
| Source of heading or term | qrmak |
| 653 #0 - INDEX TERM--UNCONTROLLED | |
| Uncontrolled term | التنشئة الاجتماعية |
| -- | الأسرة النووية |
| -- | الأسرة الممتدة |
| 700 0# - ADDED ENTRY--PERSONAL NAME | |
| Personal name | سميرة علي جعفر أبو غزالة |
| Relator term | مشرف أطروحة. |
| 700 0# - ADDED ENTRY--PERSONAL NAME | |
| Personal name | ابراهيم محمد سعد |
| Relator term | مشرف أطروحة. |
| 900 ## - Thesis Information | |
| Grant date | 01-01-2024 |
| Supervisory body | سميرة علي جعفر أبو غزالة |
| -- | ابراهيم محمد سعد |
| Discussion body | محمد السيد بخيت |
| -- | منال عبد النعيم محمد |
| Universities | جامعة القاهرة |
| Faculties | كلية الدراسات العليا للتربية |
| Department | قسم علم النفس الإرشادي |
| 905 ## - Cataloger and Reviser Names | |
| Cataloger Name | Sara Salah |
| 942 ## - ADDED ENTRY ELEMENTS (KOHA) | |
| Source of classification or shelving scheme | Dewey Decimal Classification |
| Koha item type | Thesis |
| Edition | 21 |
| Suppress in OPAC | No |
| Source of classification or shelving scheme | Home library | Current library | Date acquired | Inventory number | Full call number | Barcode | Date last seen | Effective from | Koha item type |
|---|---|---|---|---|---|---|---|---|---|
| Dewey Decimal Classification | المكتبة المركزبة الجديدة - جامعة القاهرة | قاعة الرسائل الجامعية - الدور الاول | 23.04.2026 | 33133 | Cai01.23.04.M.Sc.2024.شي.أ | 01010100033133000 | 23.04.2026 | 23.04.2026 | Thesis |